<?xml version="1.0" encoding="UTF-8"?>
<record
    xmlns:xsi="http://www.w3.org/2001/XMLSchema-instance"
    xsi:schemaLocation="http://www.loc.gov/MARC21/slim http://www.loc.gov/standards/marcxml/schema/MARC21slim.xsd"
    xmlns="http://www.loc.gov/MARC21/slim">

  <leader>00233nam a2200097Ia 4500</leader>
  <controlfield tag="008">230206s9999    xx            000 0 und d</controlfield>
  <datafield tag="041" ind1=" " ind2=" ">
    <subfield code="a">eng</subfield>
  </datafield>
  <datafield tag="100" ind1=" " ind2=" ">
    <subfield code="a">Pande B, Ed.</subfield>
    <subfield code="9">119242</subfield>
  </datafield>
  <datafield tag="245" ind1=" " ind2=" ">
    <subfield code="a">Personnel Today</subfield>
  </datafield>
  <datafield tag="260" ind1=" " ind2=" ">
    <subfield code="c">2010</subfield>
    <subfield code="b">NIPM</subfield>
    <subfield code="a">Kolkata</subfield>
  </datafield>
  <datafield tag="999" ind1=" " ind2=" ">
    <subfield code="c">97694</subfield>
    <subfield code="d">97694</subfield>
  </datafield>
  <datafield tag="952" ind1=" " ind2=" ">
    <subfield code="0">0</subfield>
    <subfield code="1">0</subfield>
    <subfield code="4">0</subfield>
    <subfield code="7">0</subfield>
    <subfield code="a">HIMR</subfield>
    <subfield code="b">HIMR</subfield>
    <subfield code="d">2016-11-17</subfield>
    <subfield code="e">Satya Gilani</subfield>
    <subfield code="h">Jan. 2010 to Sep. 2012 ( vol. 30 No. 4 to Vol. 33 No. 2)</subfield>
    <subfield code="l">0</subfield>
    <subfield code="o">658.31/PAN BV0178</subfield>
    <subfield code="p">HIMR-BV-178</subfield>
    <subfield code="r">2023-02-06 00:00:00</subfield>
    <subfield code="w">2023-02-06</subfield>
    <subfield code="y">BV</subfield>
    <subfield code="z">BV0178</subfield>
  </datafield>
  <datafield tag="952" ind1=" " ind2=" ">
    <subfield code="0">0</subfield>
    <subfield code="1">0</subfield>
    <subfield code="4">0</subfield>
    <subfield code="7">0</subfield>
    <subfield code="a">HIMR</subfield>
    <subfield code="b">HIMR</subfield>
    <subfield code="d">2016-11-17</subfield>
    <subfield code="e">Satya Gilani</subfield>
    <subfield code="h">Jan. 2013 to Dec. 2013 ( vol. 33 No. 4 to Vol. 34 No. 3)</subfield>
    <subfield code="l">0</subfield>
    <subfield code="o">658.31/CHA BV0179</subfield>
    <subfield code="p">HIMR-BV-179</subfield>
    <subfield code="r">2023-02-06 00:00:00</subfield>
    <subfield code="w">2023-02-06</subfield>
    <subfield code="y">BV</subfield>
    <subfield code="z">BV0179</subfield>
  </datafield>
</record>
